Die elster (Pica pica) als biomonitor fur die belastung von nahrungsnetzen durch umweltchemikalien (Registro nro. 693)
[ vista simple ]
| 000 -CABECERA | |
|---|---|
| Campo de control | 00639nam a2200205 a 4500 |
| 005 - FECHA Y HORA DE LA ULTIMA TRANSACCION | |
| Campo de control | 20160105024317.0 |
| 008 - ELEMENTOS DE LONGITUD FIJA—INFORMACION GENERAL | |
| Campo de control | 140221b1984 gw abd fr|||| 00| 0 ger d |
| 040 ## - FUENTE DE CATALOGACIÓN | |
| Agencia catalogadora original | CO-BoIAVH |
| Agencia transcriptora | CO-BoIAVH |
| 041 ## - IDIOMA | |
| Código de idioma para texto/pista de sonido o título separado | Alemán |
| 044 ## - PAÍS DE PUBLICACIÓN | |
| País de publicación | Colombia |
| 082 #4 - NUMERO DE CLASIFICACION DECIMAL DEWEY | |
| Número de clasificación | 598.163 |
| Número del ítem | G25d |
| 090 ## - CLASIFICACIÓN LOCAL | |
| Colección | LB |
| Consecutivo | 00678 |
| 100 1# - ASIENTO PRINCIPAL--NOMBRE PERSONAL | |
| Nombre personal | Gast, Fernando |
| 9 (RLIN) | 4240 |
| 245 1# - MENCION DE TITULO | |
| Título | Die elster (Pica pica) als biomonitor fur die belastung von nahrungsnetzen durch umweltchemikalien |
| 260 ## - PUBLICACION, DISTRIBUCION, ETC. (PIE DE IMPRENTA) | |
| Lugar de publicación, distribución, etc. | Bonn |
| Nombre del editor, distribuidor, etc. | Universitat des Saarlandes |
| Fecha de publicación, distribución, etc. | 1984 |
| 300 ## - DESCRIPCION FISICA | |
| Extensión | 206 pagínas: |
| Otros detalles físicos | ilustaciones, mapas, tablas; |
| Dimensiones | 21 x 14 cm |
| 650 #4 - ASIENTO SECUNDARIO DE MATERIA - TERMINO TEMATICO | |
| Término temático o nombre geográfico como elemento de entrada | Biogeografía |
| 9 (RLIN) | 45854 |
| 650 #6 - ASIENTO SECUNDARIO DE MATERIA - TERMINO TEMATICO | |
| Término temático o nombre geográfico como elemento de entrada | Aves |
| 9 (RLIN) | 45855 |
| 942 ## - ELEMENTOS ADICIONALES (KOHA) | |
| Tipo de ítem | Libro |
| Sistema de clasificación | Dewey Decimal Classification |
| Withdrawn status | Lost status | Sistema de Clasificación | Damaged status | No para préstamo | Colección | Inventariado | Ubicación Permanente | Ubicación actual | Fecha de adquisición | Fuente de Valor | Total Checkouts | Número topográfico | Inventario / Código de Barras | Date last seen | Ejemplar | Price effective from | Forma de adquisición | Tipo de material |
|---|---|---|---|---|---|---|---|---|---|---|---|---|---|---|---|---|---|---|
| Dewey Decimal Classification | General | Inventariado 2017 | Bogotá | Bogotá | 07/08/1998 | Springer | LB-598.163 G25d | 000981 | 04/12/2012 | Ej. 1 | 04/12/2012 | Libro |